El Auriga Tristán Cardenilla y otros cuentos
محفوظ في:
| المؤلف الرئيسي: | |
|---|---|
| التنسيق: | كتاب |
| اللغة: | الإسبانية |
| منشور في: |
Santiago
Nascimento
1971
|
| سلاسل: | Biblioteca popular Nascimento
|
| الموضوعات: | |
| الوسوم: |
إضافة وسم
لا توجد وسوم, كن أول من يضع وسما على هذه التسجيلة!
|
MARC
| LEADER | 00000cam a2200000 a 4500 | ||
|---|---|---|---|
| 001 | UCX5367 | ||
| 003 | CL-VaPUC | ||
| 008 | 921027e19710000CL |||||||||||||||||spa|d | ||
| 082 | 0 | 4 | |a Ch863 |b ALC |2 21 |
| 100 | 0 | |a Alcalde, Alfonso |e author |9 321631 | |
| 245 | 1 | 3 | |a El Auriga Tristán Cardenilla y otros cuentos |
| 300 | |a 136 p | ||
| 942 | |c BK | ||
| 945 | |d 19921027 00:00:00 | ||
| 260 | |a Santiago |b Nascimento |c 1971 | ||
| 650 | 0 | |a Cuentos chilenos |9 308280 | |
| 583 | |a last modification |c 20141107 02:33:17 |k Rodrigo Vera | ||
| 490 | 0 | |a Biblioteca popular Nascimento | |
| 999 | |c 225630 |d 225628 | ||
| 952 | |0 0 |1 0 |4 0 |6 CH_863_000000000000000_ALC_1971 |7 0 |8 A |9 223332 |a BIBEDU |b BIBEDU |d 2019-11-15 |i 2921626 |o Ch863 ALC 1971 |p 2921626 |r 2019-11-15 |w 2019-11-15 |y BK |k LIT | ||
| 952 | |0 0 |1 0 |4 0 |6 CH_863_000000000000000_ALC_1971 |7 0 |8 A |9 223333 |a BIBART |b BIBART |d 2019-11-15 |i 1206273 |o Ch863 ALC 1971 |p 1206273 |r 2025-03-13 |w 2019-11-15 |y BK |k ART | ||
| 952 | |0 0 |1 0 |3 erb |4 0 |6 CH_863_000000000000000_ALC_1971 |7 0 |8 X |9 223334 |a FDOBUD |b FDOBUD |i 5106087 |o Ch863 ALC 1971 |p 5106087 |r 2019-11-15 |w 2019-11-15 |y BK_X |z Catalogado en:20141107 |k BUD | ||